VRAI/FAUX Anecdotes du cinéma... (3) - Statistiques

Statistiques générales
  • Ce quiz a été pris 42 fois
  • Le résultat moyen est 20 sur 50
Statistiques - réponses
Question Réponse % Correct
Douze hommes en colère : Sidney Lumet gardait les acteurs dans une même pièce pendant des heures pour leur donner l'impression d'être enfermés comme un vrai jury VRAI
100%
Le cercle des poètes disparus : le film a été tourné dans l'ordre du scènario VRAI
71%
Serpico : Le film a été tourné à l'envers pour des raisons capillaires VRAI
71%
Le pont de la rivière Kwaï : David Lean a failli se noyer pendant le tournage VRAI
71%
Le Trou : Le film est inspiré d'un roman de José Giovanni, condamné pour collaboration après la 2e Guerre mondiale VRAI
71%
Flashdance : La danseuse qui double l'actrice Jennifer Beals n'est pas créditée au générique VRAI
71%
Indiana Jones et le Temple maudit contient une référence à Star Wars VRAI
71%
Cléo de 5 à 7 : Rihanna voudrait en jouer un remake FAUX
57%
Le Parrain : c'est le 1er film à avoir dépassé les 150 millions de dollars au box-office américain FAUX
57%
Casablanca : Pour conserver le nom d'Humphrey Bogart secret, l'acteur supposé jouer jusqu'au premier jour de tournage était Ronald Reagan VRAI
57%
Le nom de la rose : Comme on ne trouvait pas de cochons noirs, comme au Moyen-âge, on les a peint ! VRAI
57%
Boulevard du Crépuscule : Le nom réel du film a été caché pendant tout le tournage VRAI
57%
Frenzy a été le premier film de Hitchcock a être censuré pour violence et érotisme VRAI
57%
Autant en emporte le vent : Pour l'incendie d'Atlanta on a réalisé une maquette simpliste qui a été brûlée FAUX
43%
Un jour sans fin : Bill Murray déteste les marmottes FAUX
43%
Terminator : Arnold Schwarzenegger ne parle pas FAUX
43%
Pas de printemps pour Marnie : Le prénom du titre était celui de la marraine de Hitchcock FAUX
43%
Monty Python : La vie de Brian : John Lennon, l'ancien Beatles apparait dans le film FAUX
43%
Django unchained : On peut voir dans le ciel un avion alors que l'action du film se déroule en 1858 FAUX
43%
Les Choristes : La chorale qui chante est originaire de Toulouse FAUX
43%
Les Diaboliques : On peut voir Eddy Mitchell dans les enfants du pensionnat FAUX
43%
Bullit : La voiture de Steve McQueen ne porte pas de marque VRAI
43%
Le dictateur : Le film a été interdit en Allemagne nazie, mais Hitler, qui aimait beaucoup Chaplin, l'aurait vu deux fois VRAI
43%
L'inconnu du Nord-Express : On voit Hitchcock monter dans le train avec une contrebasse VRAI
43%
Mais qui a tué Harry ? Hitchcock a commencé ce film deux heures après le dernier clap de La main au collet VRAI
43%
Opération Tonnerre : C'est pour ce film que Sean Connery tourne le célèbre générique "dans le canon" VRAI
43%
Grosse fatigue : Lors de la sortie au Japon, la presse et les spectateurs se sont étonnés de voir Michel Blanc dans un rôle comique ; il n'y était guère connu que pour Monsieur Hire, un rôle dramatique VRAI
43%
Monty Python : Sacré Graal : Les chevaliers auraient du monter de vrais chevaux VRAI
43%
Rain Man : Dans la version diffusée dans les avions, la phobie de ce mode de transport n'est pas évoquée, alors qu'elle est la raison du départ des deux frères VRAI
43%
A la poursuite d'octobre rouge : Les cassettes VHS du film étaient rouges VRAI
43%
Le faux coupable : On ne voit pas Hitchcock dans le film mais on l'entendu chanter FAUX
29%
Babe le cochon devenu berger : 15 porcelets ont tenu le rôle FAUX
29%
Le limier : seuls deux acteurs sont crédités FAUX
29%
Le crime était presque parfait : c'est le seul film de Hitchcock où il n'apparait pas FAUX
29%
Seul au monde : De vraies répliques ont été écrites pour le ballon Winston FAUX
29%
La nuit des généraux : Peter O'Toole était sous l'emprise de la drogue pendant la quasi-totalité du tournage d'où sa démarche parfois vacillante FAUX
29%
L'impossible Monsieur Bébé : C'est dans ce film que le mot "gay" dans son sens moderne est utilisé pour la 1ère fois. VRAI
29%
2001 : l'odyssée de l'espace : Il montre des hommes sur la Lune alors que cela n'a pas encore été réalisé VRAI
29%
La Belle et le Clochard : Walt Disney n'aimait pas la scène des spaghetti VRAI
29%
Tintin et les oranges bleues évoque les OGM VRAI
29%
Robocop : Le réalisateur Paul Verhoeven apparait dans le film VRAI
29%
Cendrillon : Walt Disney détestait l'histoire de cette princesse FAUX
14%
Charade : Après ce tournage, Cary Grant ne voulait plus entendre parler de tourner avec Audrey Hepburn FAUX
14%
Lifeboat : Le scénario est de John Steinbeck VRAI
14%
Un frisson dans la nuit : le scénario est inspiré de l'expérience de Clint Eastwood VRAI
14%
Metropolis : Fritz Lang, son réalisateur, a perdu un oeil pendant le tournage VRAI
14%
La la land : Le film a été nommé 10 fois aux Oscars FAUX
0%
Blade Runner : Il existe deux versions du film FAUX
0%
Casablanca : Lors de sa diffusion en Allemagne après la guerre, certains dialogues ont été changés FAUX
0%
Les Tontons flingueurs : Gabin a refusé le rôle de Ventura FAUX
0%
Aucun quiz correspondant
Distribution des résultats
% des personnes avec chaque résultat
Percentile par nombre de réponses
Votre historique - résultats
Vous n’avez pas pris ce quiz